00518nam a2200157 a 450000500170000000800410001702000180005805000230007610000230009924500680012226000520019030000100024244000480025265000360030065000240033620140412111248.0001117s19uu xx 00 eng d a0-86576-067-5 aM 001.64bP44 1985 aPetit, Jean Pierre aComputer magic /cJean-Pierre Petit; translated by Lan Stewart. aLos Altos, CA :bWilliam Kaufmann, Inc,c[n.d.] a71 p. aThe Adventures of Archilbald Higgins Series aComputer -- Cartoons and comics aCartoons and comics